[Event "CAN-op"]
[Site "Toronto CAN"]
[Date "2010.07.12"]
[Round "3"]
[White "Mulyar, Michael"]
[Black "Nahutin, Yevgeni"]
[Result "1-0"]
[WhiteElo "2380"]
[BlackElo "2083"]
[PlyCount "105"]
[EventDate "2010.07.10"]
[EventType "swiss"]
[EventRounds "9"]
[EventCountry "CAN"]

1. d4 e6 2. c4 Nf6 3. Nf3 Be7 4. g3 O-O 5. Bg2 c6 6. O-O d5 7. Nbd2 Nbd7 8. Qc2
b6 9. e4 Nxe4 10. Nxe4 dxe4 11. Qxe4 Bb7 12. Rd1 Rc8 13. Bf4 Nf6 14. Qe2 Nh5
15. Be3 Qe8 16. Ne5 Nf6 17. a4 Bb4 18. Nd3 Qe7 19. Bg5 a5 20. Ne5 h6 21. Bxf6
gxf6 22. Qg4+ Kh7 23. Nxc6 Qc7 24. Nxb4 Bxg2 25. Kxg2 axb4 26. b3 Qc6+ 27. Qf3
Rfd8 28. Qxc6 Rxc6 29. Kf3 Kg6 30. Ke3 e5 31. dxe5 Re8 32. Rd5 Rce6 33. Rad1
fxe5 34. Rd6 f5 35. Rxe6+ Rxe6 36. Rd5 Kf6 37. Rb5 Rd6 38. Rxb4 h5 39. h4 f4+
40. gxf4 exf4+ 41. Kxf4 Rd4+ 42. Ke3 Rxh4 43. Rxb6+ Ke5 44. a5 Rh3+ 45. f3 Rh1
46. a6 h4 47. Rb5+ Kd6 48. Ra5 Re1+ 49. Kf2 Re8 50. a7 Ra8 51. Kg2 Kc6 52. Kh3
Kb6 53. b4 1-0

[Event "CAN-op"]
[Site "Toronto CAN"]
[Date "2010.07.12"]
[Round "3"]
[White "Puri, Vinny"]
[Black "Wang, Jesse BJ"]
[Result "1-0"]
[WhiteElo "2326"]
[BlackElo "2072"]
[PlyCount "63"]
[EventDate "2010.07.10"]
[EventType "swiss"]
[EventRounds "9"]
[EventCountry "CAN"]

1. d4 d5 2. c4 c6 3. Nf3 Nf6 4. Nc3 e6 5. Bg5 dxc4 6. e4 b5 7. e5 h6 8. Bh4 g5
9. Nxg5 hxg5 10. Bxg5 Nbd7 11. exf6 Bb7 12. a4 Bb4 13. Be2 Nb6 14. Bf3 Nxa4 15.
Rxa4 bxa4 16. Qxa4 Qb6 17. O-O O-O-O 18. Rd1 Bxc3 19. bxc3 Qb5 20. Qxa7 Kd7 21.
Bf4 Ra8 22. Qc5 Qxc5 23. dxc5+ Kc8 24. g4 Ra5 25. Bd6 Ra3 26. Rc1 Kd7 27. Kg2
Ba6 28. g5 Bb5 29. Kg3 Ba4 30. h4 Ra2 31. Be4 Re2 32. f3 1-0

[Event "CAN-op"]
[Site "Toronto CAN"]
[Date "2010.07.12"]
[Round "3"]
[White "Rozentalis, Eduardas"]
[Black "Hambleton, Aman"]
[Result "1-0"]
[WhiteElo "2607"]
[BlackElo "2315"]
[PlyCount "47"]
[EventDate "2010.07.10"]
[EventType "swiss"]
[EventRounds "9"]
[EventCountry "CAN"]

1. e4 e6 2. d4 d5 3. e5 c5 4. c3 Nc6 5. Nf3 Nh6 6. Bb5 Bd7 7. Bxh6 gxh6 8. O-O
Nxe5 9. Nxe5 Bxb5 10. Qh5 Qf6 11. Re1 Bd6 12. Na3 Bc6 13. Nc2 Bd7 14. Rad1 cxd4
15. Nxd4 Bxe5 16. Rxe5 O-O-O 17. f4 Qg6 18. Qf3 f6 19. f5 Qg8 20. Rxe6 Bxe6 21.
fxe6 Qg6 22. Nf5 Rhe8 23. Rxd5 Rxe6 24. Rxd8+ 1-0

[Event "CAN-op"]
[Site "Toronto CAN"]
[Date "2010.07.12"]
[Round "3"]
[White "Sapozhnikov, Roman"]
[Black "Kagramanov, Dalia"]
[Result "1-0"]
[WhiteElo "2434"]
[BlackElo "1998"]
[PlyCount "61"]
[EventDate "2010.07.10"]
[EventType "swiss"]
[EventRounds "9"]
[EventCountry "CAN"]

1. e4 e5 2. Nf3 Nc6 3. d4 exd4 4. Nxd4 Bc5 5. Nxc6 Qf6 6. Qf3 Qxc6 7. Nc3 a6 8.
Bd3 Ne7 9. Bd2 d6 10. Nd5 Ng6 11. Bc3 Rg8 12. Qh5 Be6 13. Qxh7 Kd7 14. O-O-O
Qa4 15. Kb1 c6 16. b3 Qa3 17. Ne3 Bxe3 18. fxe3 a5 19. Bxg7 a4 20. Bb2 Qc5 21.
Rhf1 Ne5 22. Bxe5 Qxe5 23. Bc4 Rgf8 24. Bxe6+ Qxe6 25. e5 d5 26. Rf6 Qe7 27.
Rdf1 Ke8 28. e6 axb3 29. cxb3 Qa3 30. R1f2 Qb4 31. Rxf7 1-0

[Event "CAN-op"]
[Site "Toronto CAN"]
[Date "2010.07.12"]
[Round "3"]
[White "Sohal, Tanraj"]
[Black "Gerzhoy, Leonid"]
[Result "0-1"]
[WhiteElo "2094"]
[BlackElo "2630"]
[PlyCount "80"]
[EventDate "2010.07.10"]
[EventType "swiss"]
[EventRounds "9"]
[EventCountry "CAN"]

1. d4 d5 2. c4 e6 3. Nc3 Be7 4. Nf3 Nf6 5. cxd5 exd5 6. Bg5 c6 7. e3 Bf5 8. Bd3
Bxd3 9. Qxd3 Nbd7 10. O-O O-O 11. Bxf6 Nxf6 12. Rac1 Bd6 13. h3 Re8 14. Nd2 Bc7
15. f4 Ba5 16. a3 Bxc3 17. Rxc3 a5 18. g3 a4 19. Re1 Qb6 20. Qc2 Re7 21. Kf2
Rae8 22. Rc5 Nd7 23. Rc3 Qa7 24. Nf3 Nf6 25. Nd2 Nd7 26. Nf3 Nb6 27. Nd2 Nc8
28. Qd3 Nd6 29. Rc2 g6 30. g4 Qb8 31. Rc3 g5 32. Rcc1 Ne4+ 33. Kf3 gxf4 34.
exf4 Ng5+ 35. fxg5 Rxe1 36. Rxe1 Rxe1 37. Kf2 Re8 38. Kf3 Qh2 39. Nf1 Qxb2 40.
Ng3 Qb3 0-1

[Event "CAN-op"]
[Site "Toronto CAN"]
[Date "2010.07.12"]
[Round "3"]
[White "Stavropoulos, Greg"]
[Black "Sly, Douglas"]
[Result "1-0"]
[WhiteElo "2087"]
[BlackElo "1628"]
[PlyCount "53"]
[EventDate "2010.07.10"]
[EventType "swiss"]
[EventRounds "9"]
[EventCountry "CAN"]

1. c4 c6 2. Nf3 Nf6 3. g3 d6 4. Bg2 e5 5. d3 Be7 6. O-O O-O 7. Nc3 Re8 8. Rb1
a5 9. a3 Nbd7 10. b4 d5 11. Nd2 Nf8 12. b5 Be6 13. cxd5 Nxd5 14. Bb2 Ng6 15. h4
cxb5 16. Nxb5 Qd7 17. Ba1 Nc7 18. a4 Nxb5 19. Rxb5 Ra7 20. h5 Nf8 21. Bxe5 Bg4
22. Bf4 Bb4 23. Be3 Qxd3 24. exd3 Bxd1 25. Rxd1 Ra6 26. Nc4 Nd7 27. Bxb7 1-0

[Event "CAN-op"]
[Site "Toronto CAN"]
[Date "2010.07.12"]
[Round "3"]
[White "Tonakanian, Stephan"]
[Black "McCleary, Reuben"]
[Result "1-0"]
[WhiteElo "1990"]
[BlackElo "1597"]
[PlyCount "43"]
[EventDate "2010.07.10"]
[EventType "swiss"]
[EventRounds "9"]
[EventCountry "CAN"]

1. e4 e6 2. d4 d5 3. Nd2 c5 4. Ngf3 Nc6 5. c3 Nf6 6. Bd3 cxd4 7. cxd4 Bb4 8. e5
Ne4 9. O-O Nxd2 10. Bxd2 Qb6 11. Be3 Bd7 12. Ng5 Be7 13. Qh5 Bxg5 14. Qxg5 Kf8
15. Rac1 Qxb2 16. Rb1 Qa3 17. Rxb7 Qxd3 18. Rxd7 Qg6 19. Qh4 Rb8 20. Rc7 Na5
21. Qe7+ Kg8 22. Qc5 1-0

[Event "CAN-op"]
[Site "Toronto CAN"]
[Date "2010.07.12"]
[Round "3"]
[White "Walton, Alan"]
[Black "Willis, Bradley"]
[Result "1/2-1/2"]
[WhiteElo "2152"]
[BlackElo "2122"]
[PlyCount "102"]
[EventDate "2010.07.10"]
[EventType "swiss"]
[EventRounds "9"]
[EventCountry "CAN"]

1. d4 e6 2. e4 d5 3. e5 c5 4. c3 Nc6 5. Nf3 Qb6 6. a3 Nh6 7. b4 cxd4 8. cxd4
Nf5 9. Bb2 Bd7 10. g4 Nfe7 11. Bd3 Ng6 12. Qd2 Be7 13. h4 O-O-O 14. h5 Nf8 15.
Bc3 a6 16. Qb2 Kb8 17. Nbd2 Rc8 18. O-O Na7 19. a4 Rxc3 20. Qxc3 Bxb4 21. Qb2
a5 22. Nb3 Be8 23. Rfb1 Qc7 24. Rc1 Qe7 25. Bb5 Nd7 26. Qc2 Nb6 27. Bxe8 Rxe8
28. Qxh7 Qf8 29. Kg2 Re7 30. Nc5 Nc4 31. Nd3 Nc6 32. Nf4 Nd2 33. Qd3 Ne4 34.
Qb5 Nc3 35. Qb6 Rc7 36. Nd3 Na7 37. Nc5 Rxc5 38. Qd6+ Qxd6 39. exd6 Rc6 40. Ne5
Rxd6 41. Nxf7 Rd7 42. Ne5 Rc7 43. g5 Nc6 44. Nxc6+ bxc6 45. Rh1 Ne2 46. h6 gxh6
47. gxh6 Rh7 48. Rad1 Bc3 49. Kf1 Nf4 50. Rh4 Ng6 51. Rh2 Nf4 1/2-1/2

[Event "CAN-op"]
[Site "Toronto CAN"]
[Date "2010.07.12"]
[Round "3"]
[White "Wiebe, Daniel"]
[Black "Martchenko, Alexander"]
[Result "0-1"]
[WhiteElo "1973"]
[BlackElo "2382"]
[PlyCount "74"]
[EventDate "2010.07.10"]
[EventType "swiss"]
[EventRounds "9"]
[EventCountry "CAN"]

1. e4 c5 2. Nf3 Nc6 3. d4 cxd4 4. Nxd4 g6 5. Nc3 Bg7 6. Be3 Nf6 7. f3 Qa5 8.
Bc4 Qb4 9. Bb3 Nxe4 10. Nxc6 Bxc3+ 11. bxc3 Qxc3+ 12. Ke2 dxc6 13. Bd4 e5 14.
Bxc3 Nxc3+ 15. Kf2 Nxd1+ 16. Raxd1 O-O 17. Rhe1 Re8 18. f4 Bg4 19. Rd6 exf4 20.
Rxe8+ Rxe8 21. Rf6 Be6 22. Rxf4 Bxb3 23. axb3 Re7 24. c4 f5 25. h4 Kg7 26. h5
Kf6 27. hxg6 hxg6 28. Kf3 Rd7 29. Ke3 g5 30. Rf1 Ke5 31. g3 Rf7 32. Kf3 f4 33.
Re1+ Kd4 34. Rc1 g4+ 35. Kxg4 f3 36. Re1 f2 37. Rf1 Ke3 0-1

[Event "CAN-op"]
[Site "Toronto CAN"]
[Date "2010.07.12"]
[Round "3"]
[White "Xie, Peter"]
[Black "Mo, Kevin"]
[Result "0-1"]
[WhiteElo "1629"]
[BlackElo "1964"]
[PlyCount "70"]
[EventDate "2010.07.10"]
[EventType "swiss"]
[EventRounds "9"]
[EventCountry "CAN"]

1. e4 c5 2. Nf3 d6 3. d4 cxd4 4. Nxd4 Nf6 5. Nc3 g6 6. Be3 Bg7 7. f3 Nc6 8. Qd2
O-O 9. O-O-O d5 10. Kb1 Nxd4 11. e5 Nf5 12. exf6 exf6 13. Bc5 d4 14. Ne4 Ne3
15. Re1 f5 16. Nf2 Re8 17. f4 Be6 18. Bb5 Qd5 19. Qb4 Rec8 20. Nd3 b6 21. c4
Nxc4 22. Rxe6 bxc5 23. Qxc4 Qxe6 24. Qxe6 fxe6 25. Bd7 Rc7 26. Bxe6+ Kf8 27.
Rc1 Re8 28. Bb3 Re2 29. Nxc5 Ke7 30. Bd5 Bh6 31. Nd3 Rxc1+ 32. Kxc1 Kd6 33. Bf3
Re4 34. g3 Re3 35. Ne5 Rxe5 0-1

[Event "CAN-op"]
[Site "Toronto CAN"]
[Date "2010.07.13"]
[Round "4"]
[White "Armstrong, Robert J"]
[Black "Sohal, Tanraj"]
[Result "0-1"]
[WhiteElo "1800"]
[BlackElo "2094"]
[PlyCount "92"]
[EventDate "2010.07.10"]
[EventType "swiss"]
[EventRounds "9"]
[EventCountry "CAN"]

1. d4 Nf6 2. c4 e6 3. Nf3 Nc6 4. e3 Bb4+ 5. Bd2 Bxd2+ 6. Qxd2 d6 7. Bd3 e5 8.
Nc3 O-O 9. d5 Nb4 10. Bb1 a5 11. a3 Na6 12. e4 Nc5 13. Bc2 Qd7 14. h3 b6 15.
Nh4 Qe7 16. Nf5 Bxf5 17. exf5 Nh5 18. g4 Nf4 19. O-O-O Qh4 20. Kb1 Qe7 21. Rdg1
f6 22. h4 Kf7 23. g5 Ke8 24. Rg3 Kd7 25. Rhg1 Kc8 26. Na4 Qd7 27. Nxc5 dxc5 28.
Be4 Nh5 29. Rb3 Qd6 30. Qe2 Nf4 31. Qg4 Kb7 32. Rbg3 Ka7 33. Qf3 Rf7 34. g6
hxg6 35. fxg6 Rff8 36. Bf5 Rh8 37. Qg4 Rh6 38. Be6 Rah8 39. Qf3 Nxe6 40. dxe6
Qxe6 41. Rg4 Rxh4 42. Rxh4 Rxh4 43. Rd1 Rf4 44. Qh1 Rxf2 45. Qh8 e4 46. Qxg7
Qe5 0-1

[Event "CAN-op"]
[Site "Toronto CAN"]
[Date "2010.07.13"]
[Round "4"]
[White "Aronov, Yuri"]
[Black "Drkulec, Vladimir"]
[Result "0-1"]
[WhiteElo "2301"]
[BlackElo "2038"]
[PlyCount "102"]
[EventDate "2010.07.10"]
[EventType "swiss"]
[EventRounds "9"]
[EventCountry "CAN"]

1. d4 Nf6 2. c4 g6 3. Nc3 d5 4. cxd5 Nxd5 5. e4 Nxc3 6. bxc3 Bg7 7. Be3 O-O 8.
Qd2 c5 9. Nf3 Qa5 10. Rc1 cxd4 11. cxd4 Qxd2+ 12. Nxd2 Rd8 13. Nb3 Nc6 14. d5
Ne5 15. Be2 f5 16. f4 Nf7 17. e5 Rxd5 18. Rc7 Rd7 19. Rc2 Rd8 20. Kf2 Be6 21.
Rc7 Rd7 22. Rhc1 Bf8 23. Bf3 Nd8 24. Rxd7 Bxd7 25. Nc5 Bc6 26. Bxc6 bxc6 27.
Rd1 Kf7 28. Rd7 Ne6 29. Na6 Bh6 30. g3 g5 31. Kf3 gxf4 32. gxf4 Ke8 33. Rc7 Kf7
34. Rxc6 Bxf4 35. Rxe6 Bxe3 36. Kxe3 Kxe6 37. Nc7+ Kd7 38. Nxa8 e6 39. Kf4 h6
40. Ke3 Kc6 41. Kd4 Kb7 42. Kc5 Kxa8 43. Kd6 f4 44. Kxe6 f3 45. Kd7 f2 46. e6
f1=Q 47. e7 Qb5+ 48. Kd8 Qd5+ 49. Kc7 Qe6 50. Kd8 Qd6+ 51. Kc8 Qxe7 0-1

[Event "CAN-op"]
[Site "Toronto CAN"]
[Date "2010.07.13"]
[Round "4"]
[White "Bzikot, Robert"]
[Black "Egorov, Mikhail"]
[Result "0-1"]
[WhiteElo "1984"]
[BlackElo "2179"]
[PlyCount "82"]
[EventDate "2010.07.10"]
[EventType "swiss"]
[EventRounds "9"]
[EventCountry "CAN"]

1. e4 c5 2. Nc3 a6 3. g3 b5 4. Bg2 Bb7 5. d3 e6 6. f4 d5 7. Nf3 b4 8. Ne2 dxe4
9. Ng5 Nf6 10. O-O Nbd7 11. f5 e5 12. Nxe4 Nxe4 13. Bxe4 Bxe4 14. dxe4 Nf6 15.
Qxd8+ Rxd8 16. Bg5 Be7 17. Bxf6 Bxf6 18. Rfd1 Ke7 19. c4 Bg5 20. Kf2 g6 21. h4
Bd2 22. fxg6 hxg6 23. Ng1 Bh6 24. Nf3 f6 25. Ke2 Bg7 26. Rxd8 Rxd8 27. Rd1 Rxd1
28. Kxd1 f5 29. b3 Bf6 30. Ke2 Kf7 31. Ke3 Kg7 32. h5 fxe4 33. Kxe4 gxh5 34.
Nxe5 Kh6 35. Nd7 Bd4 36. Nb8 Kg5 37. Kf3 Be5 38. Nxa6 Bd6 39. Kg2 Kg4 40. Kf2
Bxg3+ 41. Kg2 Bd6 0-1

[Event "CAN-op"]
[Site "Toronto CAN"]
[Date "2010.07.13"]
[Round "4"]
[White "Casareno, Erwin"]
[Black "Sapozhnikov, Roman"]
[Result "0-1"]
[WhiteElo "2105"]
[BlackElo "2434"]
[PlyCount "76"]
[EventDate "2010.07.10"]
[EventType "swiss"]
[EventRounds "9"]
[EventCountry "CAN"]

1. d4 d5 2. c4 e6 3. Nc3 c6 4. Nf3 dxc4 5. a4 Bb4 6. e3 b5 7. Ne5 Nf6 8. Be2
Bb7 9. O-O O-O 10. axb5 cxb5 11. Bf3 Qb6 12. Bxb7 Qxb7 13. Qc2 Nc6 14. f4 Na5
15. Bd2 Nb3 16. Rad1 Nxd2 17. Qxd2 Ne4 18. Qc2 Bxc3 19. bxc3 f6 20. Nf3 Qd5 21.
Nh4 f5 22. Nf3 a5 23. Ne5 Rfc8 24. Rb1 Rab8 25. Rfc1 b4 26. cxb4 axb4 27. Qa4
Nc3 28. Rxc3 bxc3 29. Rc1 Qe4 30. Re1 Rb2 31. Nf3 Qc2 32. Qxc2 Rxc2 33. d5 exd5
34. Nd4 Rd2 35. Rc1 Rb8 36. Nf3 Rbb2 37. Nxd2 cxd2 38. Rd1 c3 0-1

[Event "CAN-op"]
[Site "Toronto CAN"]
[Date "2010.07.13"]
[Round "4"]
[White "Del Duca, Giuseppe"]
[Black "Barron, Michael"]
[Result "0-1"]
[WhiteElo "1362"]
[BlackElo "2375"]
[PlyCount "48"]
[EventDate "2010.07.10"]
[EventType "swiss"]
[EventRounds "9"]
[EventCountry "CAN"]

1. e4 e5 2. Nf3 Nc6 3. Nc3 Nf6 4. d3 Bc5 5. h3 O-O 6. a3 d5 7. Bg5 dxe4 8. Bxf6
Qxf6 9. Nxe4 Qe7 10. g3 Bb6 11. Bg2 f5 12. Nc3 e4 13. Nd5 Qc5 14. Nxb6 exf3 15.
Nxa8 fxg2 16. Rg1 Re8+ 17. Kd2 Qxf2+ 18. Kc1 Nd4 19. b3 Ne2+ 20. Kb2 Qd4+ 21.
c3 Qxc3+ 22. Ka2 Nxg1 23. Rc1 Re2+ 24. Qxe2 Nxe2 0-1

[Event "CAN-op"]
[Site "Toronto CAN"]
[Date "2010.07.13"]
[Round "4"]
[White "Doubleday, William"]
[Black "Gladstone, Simon"]
[Result "1/2-1/2"]
[WhiteElo "2206"]
[BlackElo "1946"]
[PlyCount "96"]
[EventDate "2010.07.10"]
[EventType "swiss"]
[EventRounds "9"]
[EventCountry "CAN"]

1. d4 e6 2. Nf3 Nf6 3. Bf4 c5 4. e3 Qb6 5. Qc1 d5 6. Nbd2 Nc6 7. c3 cxd4 8.
exd4 Be7 9. Bd3 O-O 10. O-O Bd7 11. Rb1 Rac8 12. Qd1 Na5 13. Qe2 a6 14. Ne5 Bb5
15. Bg5 Bxd3 16. Qxd3 Qb5 17. Qf3 Nc4 18. Ndxc4 dxc4 19. Rfe1 Qd5 20. Qe2 b5
21. a3 Qb7 22. Bxf6 Bxf6 23. f4 Qd5 24. Qe4 Rfd8 25. Re2 Qxe4 26. Rxe4 Rd5 27.
Rbe1 Be7 28. g3 Bf6 29. Kg2 Kf8 30. Kf3 Bxe5 31. fxe5 Ke7 32. h4 Rf8 33. Rg4 g6
34. Kg2 f5 35. exf6+ Rxf6 36. Rge4 Rdf5 37. R1e2 Kd6 38. Re5 Kd7 39. Rxf5 Rxf5
40. Rf2 Ke7 41. Rxf5 gxf5 42. Kf3 h5 43. Kf4 Kf6 44. Kf3 Kg6 45. Ke3 Kf7 46.
Kf3 Kg6 47. Kf4 Kf6 48. Ke3 Kf7 1/2-1/2

[Event "CAN-op"]
[Site "Toronto CAN"]
[Date "2010.07.13"]
[Round "4"]
[White "Gagunashvili, Merab"]
[Black "Rozentalis, Eduardas"]
[Result "1/2-1/2"]
[WhiteElo "2592"]
[BlackElo "2607"]
[PlyCount "28"]
[EventDate "2010.07.10"]
[EventType "swiss"]
[EventRounds "9"]
[EventCountry "CAN"]

1. d4 Nf6 2. c4 e6 3. Nc3 Bb4 4. Qc2 O-O 5. Bg5 d5 6. cxd5 exd5 7. a3 Bxc3+ 8.
Qxc3 h6 9. Bxf6 Qxf6 10. e3 c6 11. Nf3 Bf5 12. Bd3 Nd7 13. O-O Bxd3 14. Qxd3
Qd6 1/2-1/2

[Event "CAN-op"]
[Site "Toronto CAN"]
[Date "2010.07.13"]
[Round "4"]
[White "Gelis, Paul"]
[Black "Verde, Pino"]
[Result "1-0"]
[WhiteElo "2216"]
[BlackElo "1800"]
[PlyCount "91"]
[EventDate "2010.07.10"]
[EventType "swiss"]
[EventRounds "9"]
[EventCountry "CAN"]

1. d4 Nf6 2. Nf3 d6 3. c4 Nbd7 4. Nc3 e5 5. e4 Be7 6. Be2 c6 7. O-O O-O 8. Be3
Re8 9. d5 Qc7 10. Nd2 Nf8 11. b4 Bd7 12. Rc1 Rec8 13. c5 cxd5 14. Nxd5 Nxd5 15.
exd5 f5 16. Nc4 Qb8 17. cxd6 Bxd6 18. Nxd6 Rxc1 19. Qxc1 Qxd6 20. Bc5 Qf6 21.
f4 e4 22. Rd1 Rc8 23. Qe3 b6 24. Bd4 Qd6 25. Ba6 Rc2 26. Qb3 b5 27. Qxc2 Qxa6
28. Qb2 Qh6 29. g3 Qh5 30. Rc1 Qf7 31. Qb3 Qe8 32. Bxa7 h5 33. Bd4 h4 34. gxh4
Ng6 35. Qg3 Qf7 36. Rc5 Kh7 37. h5 Nxf4 38. Qxf4 Qxh5 39. Rc7 Qd1+ 40. Kg2 Qxd4
41. Rxd7 Qb2+ 42. Kg3 Qc3+ 43. Kh4 Qe1+ 44. Qg3 Qa1 45. d6 Qd4 46. Qxg7+ 1-0

[Event "CAN-op"]
[Site "Toronto CAN"]
[Date "2010.07.13"]
[Round "4"]
[White "Hambleton, Aman"]
[Black "Ng, Kit-Sun"]
[Result "1-0"]
[WhiteElo "2315"]
[BlackElo "2062"]
[PlyCount "83"]
[EventDate "2010.07.10"]
[EventType "swiss"]
[EventRounds "9"]
[EventCountry "CAN"]

1. d4 d5 2. c4 e6 3. Nc3 Nf6 4. cxd5 exd5 5. Bg5 c6 6. e3 Bf5 7. Qf3 Bg6 8.
Bxf6 Qxf6 9. Qxf6 gxf6 10. h4 h5 11. Rc1 Nd7 12. Kd2 Nb6 13. Nh3 O-O-O 14. Nf4
Kb8 15. Bd3 Bd6 16. Nce2 Bxf4 17. Nxf4 Bxd3 18. Kxd3 Nc4 19. b3 Nd6 20. Rh3
Rdg8 21. Ke2 Rg4 22. Kf3 f5 23. Ke2 Rgg8 24. f3 Rg7 25. Kf2 Ne8 26. Rg3 Rxg3
27. Kxg3 Rg8+ 28. Kf2 Nf6 29. Ne2 Ne8 30. Rh1 Kc7 31. Rh3 Kd6 32. Rg3 Rxg3 33.
Kxg3 Ng7 34. Kf4 f6 35. g4 fxg4 36. fxg4 hxg4 37. Kxg4 b6 38. h5 Nxh5 39. Kxh5
c5 40. Kg6 c4 41. Kxf6 b5 42. b4 1-0

[Event "CAN-op"]
[Site "Toronto CAN"]
[Date "2010.07.13"]
[Round "4"]
[White "Hill, Roderick"]
[Black "Walton, Alan"]
[Result "0-1"]
[WhiteElo "1934"]
[BlackElo "2152"]
[PlyCount "58"]
[EventDate "2010.07.10"]
[EventType "swiss"]
[EventRounds "9"]
[EventCountry "CAN"]

1. e4 e6 2. d4 d5 3. Nd2 Nf6 4. e5 Nfd7 5. Bd3 c5 6. c3 Nc6 7. Ne2 cxd4 8. cxd4
f6 9. exf6 Nxf6 10. Nf3 Bd6 11. O-O O-O 12. Bg5 Qb6 13. Nc3 Bd7 14. a3 Qd8 15.
Rc1 Qe8 16. Bh4 Qh5 17. Bg3 Bxg3 18. fxg3 Ng4 19. Nh4 Rxf1+ 20. Bxf1 Qh6 21.
Qe1 Nxd4 22. h3 Nb3 23. Rc2 Qe3+ 24. Qxe3 Nxe3 25. Rf2 Nxf1 26. Rxf1 d4 27. Ne4
Bc6 28. Nf2 Rf8 29. Nd3 Rxf1+ 0-1

[Event "CAN-op"]
[Site "Toronto CAN"]
[Date "2010.07.13"]
[Round "4"]
[White "Itkin, David"]
[Black "Kret, Ted"]
[Result "1-0"]
[WhiteElo "1966"]
[BlackElo "2165"]
[PlyCount "67"]
[EventDate "2010.07.10"]
[EventType "swiss"]
[EventRounds "9"]
[EventCountry "CAN"]

1. e4 e6 2. d4 d5 3. Nc3 Nf6 4. Bg5 Be7 5. e5 Nfd7 6. h4 c5 7. Bxe7 Qxe7 8. Nb5
O-O 9. Nc7 Nc6 10. Nxa8 cxd4 11. Nc7 f6 12. Qe2 fxe5 13. O-O-O a6 14. Nf3 Qd6
15. Nxe6 Qxe6 16. g3 Qd6 17. Bg2 Nc5 18. Bh3 Na4 19. Ng5 Bxh3 20. Rxh3 h6 21.
Qh5 d3 22. Rxd3 Qb4 23. Qg6 Qxb2+ 24. Kd2 Qb4+ 25. Kc1 hxg5 26. hxg5 Rxf2 27.
Qe6+ Rf7 28. g6 Qe1+ 29. Rd1 Qe3+ 30. Rd2 Qa3+ 31. Kd1 Nb2+ 32. Kc1 Nc4+ 33.
Kd1 Ne3+ 34. Ke2 1-0

[Event "CAN-op"]
[Site "Toronto CAN"]
[Date "2010.07.13"]
[Round "4"]
[White "Kong, Dezheng"]
[Black "Mulyar, Michael"]
[Result "0-1"]
[WhiteElo "2006"]
[BlackElo "2380"]
[PlyCount "58"]
[EventDate "2010.07.10"]
[EventType "swiss"]
[EventRounds "9"]
[EventCountry "CAN"]

1. c4 e5 2. Nc3 Nc6 3. Nf3 Nf6 4. g3 d5 5. cxd5 Nxd5 6. Bg2 Nb6 7. a3 Be7 8.
O-O O-O 9. b4 Be6 10. Rb1 a6 11. d3 f6 12. Be3 Nd5 13. Nxd5 Bxd5 14. Nd2 Bxg2
15. Kxg2 Kh8 16. Nb3 f5 17. Bc5 Qd5+ 18. Kg1 Bxc5 19. Nxc5 Nd4 20. Nb3 Rae8 21.
Nxd4 exd4 22. Re1 f4 23. Qb3 Qh5 24. Qc4 fxg3 25. hxg3 Rxf2 26. Kxf2 Qh2+ 27.
Kf3 Re3+ 28. Kf4 Qxg3+ 29. Kf5 Re5# 0-1

[Event "CAN-op"]
[Site "Toronto CAN"]
[Date "2010.07.13"]
[Round "4"]
[White "Lan, Tian"]
[Black "Calugar, Arthur"]
[Result "0-1"]
[WhiteElo "1510"]
[BlackElo "2372"]
[PlyCount "88"]
[EventDate "2010.07.10"]
[EventType "swiss"]
[EventRounds "9"]
[EventCountry "CAN"]

1. c4 Nf6 2. Nc3 c5 3. g3 d5 4. Bg2 d4 5. Nb1 g6 6. d3 Bg7 7. Nf3 O-O 8. O-O
Nc6 9. Nbd2 Qc7 10. Rb1 Rb8 11. a3 a5 12. Ng5 b6 13. Nge4 Ne8 14. Nf3 f5 15.
Neg5 h6 16. e4 hxg5 17. exf5 Bxf5 18. Nxg5 Nf6 19. Re1 e5 20. f4 Rbe8 21. Qf3
Rc8 22. h3 Bd7 23. g4 Rce8 24. Qg3 Re7 25. Qh4 Nd8 26. Bd2 Bc6 27. Re4 Nf7 28.
fxe5 Nxg5 29. exf6 Bxf6 30. Bxg5 Bxg5 31. Qxg5 Bxe4 32. Bxe4 Qg3+ 33. Bg2 Qe3+
34. Qxe3 Rxe3 35. Bf1 Kg7 36. Rd1 Kh6 37. Kg2 Kg5 38. b3 Kh4 39. Kg1 Kg3 40.
Rd2 Re1 41. Rg2+ Kh4 42. Rf2 Rxf2 43. Kxf2 Rxf1+ 44. Kxf1 Kxh3 0-1

[Event "CAN-op"]
[Site "Toronto CAN"]
[Date "2010.07.13"]
[Round "4"]
[White "Martchenko, Alexander"]
[Black "Gluckie, Jamin"]
[Result "1-0"]
[WhiteElo "2382"]
[BlackElo "2096"]
[PlyCount "45"]
[EventDate "2010.07.10"]
[EventType "swiss"]
[EventRounds "9"]
[EventCountry "CAN"]

1. e4 e6 2. d4 d5 3. Nc3 Bb4 4. e5 Ne7 5. a3 Bxc3+ 6. bxc3 c5 7. h4 Nbc6 8. Nf3
Qa5 9. Bd2 cxd4 10. cxd4 Qa4 11. Bd3 Nxd4 12. Rb1 Nec6 13. Bb4 Nxf3+ 14. Qxf3
Nxe5 15. Qg3 Nxd3+ 16. cxd3 Rg8 17. O-O a5 18. Bc5 Ra6 19. Rxb7 Rc6 20. Re7+
Kd8 21. Rxf7 Bd7 22. Qb8+ Bc8 23. Qa7 1-0

[Event "CAN-op"]
[Site "Toronto CAN"]
[Date "2010.07.13"]
[Round "4"]
[White "McCleary, Reuben"]
[Black "Villaluz, Ernesto"]
[Result "1/2-1/2"]
[WhiteElo "1597"]
[BlackElo "1158"]
[PlyCount "93"]
[EventDate "2010.07.10"]
[EventType "swiss"]
[EventRounds "9"]
[EventCountry "CAN"]

1. e4 d6 2. d4 e6 3. Nf3 Nd7 4. Nc3 a6 5. Be3 b6 6. Bd3 Ne7 7. Qd2 Bb7 8. O-O-O
c5 9. e5 Nd5 10. Ne4 Nxe3 11. Qxe3 d5 12. Nc3 c4 13. Be2 b5 14. Rhe1 Qa5 15. a3
b4 16. Nb1 bxa3 17. Nxa3 Bb4 18. Rf1 c3 19. Nb1 cxb2+ 20. Kxb2 Nb6 21. Kc1 Rc8
22. Qb3 Bc6 23. Bd3 Ba4 24. Qb2 O-O 25. Nfd2 Rc7 26. Nb3 Bxb3 27. Qxb3 Rfc8 28.
f4 Nc4 29. Bxc4 Rxc4 30. Rf2 Qc7 31. Rd3 Be7 32. c3 a5 33. Ra2 Bb4 34. Kd2 Be7
35. Na3 Bxa3 36. Rxa3 Rb8 37. Qa2 Rb5 38. Kc2 Rcb4 39. Rd1 Rb2+ 40. Qxb2 Rxb2+
41. Kxb2 Qb6+ 42. Rb3 Qc7 43. Ra1 g6 44. Ra4 Qa7 45. g3 Qa6 46. Ka3 Qf1 47.
Rxa5 1/2-1/2

[Event "CAN-op"]
[Site "Toronto CAN"]
[Date "2010.07.13"]
[Round "4"]
[White "Mo, Kevin"]
[Black "Zaghi, Michael"]
[Result "1-0"]
[WhiteElo "1964"]
[BlackElo "1817"]
[PlyCount "103"]
[EventDate "2010.07.10"]
[EventType "swiss"]
[EventRounds "9"]
[EventCountry "CAN"]

1. e4 e6 2. d4 d5 3. Nd2 Nf6 4. e5 Nfd7 5. Bd3 c5 6. c3 Nc6 7. Ne2 Be7 8. O-O
O-O 9. Nf3 cxd4 10. cxd4 Qb6 11. a3 Re8 12. b4 a6 13. Bg5 Nf8 14. Bxe7 Rxe7 15.
Qd2 f6 16. exf6 gxf6 17. Nf4 Bd7 18. Nh5 Rf7 19. Qf4 Qd8 20. Rfe1 Ng6 21. Qg3
Nce7 22. Nh4 f5 23. Nf4 Rg7 24. Nfxg6 Nxg6 25. Nf3 Qf6 26. Bf1 h6 27. Qd6 Kh7
28. Rac1 Re8 29. Rc7 Bc6 30. Bxa6 Rxc7 31. Qxc7+ Re7 32. Qb6 Qg7 33. Bf1 Nf4
34. Kh1 Qg4 35. Ne5 Qg7 36. b5 Be8 37. g3 Nh5 38. Nf3 Qf7 39. Ne5 Qg7 40. Nf3
Qf7 41. Qd6 Nf6 42. Qf4 Qh5 43. Ne5 Ne4 44. Rc1 Ng5 45. a4 Nf7 46. a5 Nxe5 47.
Qxe5 Qf3+ 48. Kg1 Qa3 49. Rc7 Bd7 50. Rxb7 Qxa5 51. Qd6 Qd8 52. Rb8 1-0